Ciencia y tecnología de materiales problemas y cuestiones

Bibliographic Details
Main Author: Cembrero Cil, Jesus
Format: Section = Libro
Language:Undetermined
Spanish
Published: Madrid, España Pearson Educación 2005
Subjects:
LEADER 00702nam a2200217Ia 4500
008 240829s9999 xx 000 0 und d
020 |a 84-205-4249-0 
040 |a BIBLIOTECA-RUPAP 671 C569 
041 |a spa 
082 |a 671 C569 
100 1 |a Cembrero Cil, Jesus 
245 1 0 |a Ciencia y tecnología de materiales problemas y cuestiones 
260 |a Madrid, España  |b Pearson Educación  |c 2005 
300 |a 184 p. :il. 
650 7 |a MANUFACTURA - MATERIALES - PRODUCTOS METALICOS 
650 7 |b  TECNOLOGIA DE MATERIALES - PROCESOS INDUSTRIALES 
650 7 |c  PIEZAS DE MAQUINAS - ACABADO SUPERFICIAL 
650 7 |d  ULTRASONIDO INDUSTRIAL. I. Tít. 
942 |c BK  |2 ddc 
991 |a TEXTO 
999 |c 10274